| 000 | 00424nam a22001697a 4500 | ||
|---|---|---|---|
| 999 |
_c7747 _d7747 |
||
| 003 | GBCCL | ||
| 005 | 20241126110635.0 | ||
| 008 | 180917b ||||| |||| 00| 0 eng d | ||
| 040 | _cGBC | ||
| 082 |
_a252 _bWES |
||
| 100 |
_aWest, Larry A. _96801 |
||
| 245 | _aWe live by faith and other sermons | ||
| 260 |
_bWorld literature publications, _aNew Delhi : |
||
| 300 | _a176 | ||
| 650 |
_aSermons _96067 |
||
| 942 |
_2ddc _cBK _01 |
||